000 00459nam a2200181 a 4500
001 1754970809690
003 YourLibrary
005 20250812111415.0
008 250812s2009##################000#0#eng##
020 _a9781405180580
082 0 4 _a006.7
_bHAR
100 1 _aHartley, John,
_eauthor.
245 1 0 _aStory Circle :
260 _bWiley-Blackwell,
_c2009.
650 0 _aSocial Science.
942 _cENGLISH
040 _aYourLibrary
_beng
_cYourLibrary
999 _c580785
_d580785